logo

Bir Sreshtho Munshi Abdur Rouf Library
Jhenaidah Cadet College

Towards an Islamic theory of international relations : (Record no. 12771)

MARC details
000 -LEADER
fixed length control field 01204nam a2200313 a 4500
001 - CONTROL NUMBER
control field 12771
003 - CONTROL NUMBER IDENTIFIER
control field BD-JhCC
005 - DATE AND TIME OF LATEST TRANSACTION
control field 20230511091348.0
008 - FIXED-LENGTH DATA ELEMENTS--GENERAL INFORMATION
fixed length control field 230511r19931987vau b 001 0 eng
010 ## - LIBRARY OF CONGRESS CONTROL NUMBER
LC control number 90005171
020 ## - INTERNATIONAL STANDARD BOOK NUMBER
International Standard Book Number 0912463716
020 ## - INTERNATIONAL STANDARD BOOK NUMBER
International Standard Book Number 091246352X
040 ## - CATALOGING SOURCE
Original cataloging agency DLC
Transcribing agency DLC
Modifying agency DLC
-- BD-JhCC
050 00 - LIBRARY OF CONGRESS CALL NUMBER
Classification number BP173.5
Item number .A28 1993
082 00 - DEWEY DECIMAL CLASSIFICATION NUMBER
Classification number 297/.19787
Edition number 20
Item number ABU 1990
100 1# - MAIN ENTRY--PERSONAL NAME
Personal name AbūSulaymān, ʻAbdulḤamīd.
240 10 - UNIFORM TITLE
Uniform title Islamic theory of international relations.
Date of a work 1993.
245 10 - TITLE STATEMENT
Title Towards an Islamic theory of international relations :
Remainder of title new directions for Islamic methodology and thought /
Statement of responsibility, etc. ʻAbdulḤamīd A. AbūSulaymān.
250 ## - EDITION STATEMENT
Edition statement 2nd rev. ed.
260 ## - PUBLICATION, DISTRIBUTION, ETC.
Place of publication, distribution, etc. Herndon, Va., U.S.A. :
Name of publisher, distributor, etc. International Institute of Islamic Thought,
Date of publication, distribution, etc. 1993.
300 ## - PHYSICAL DESCRIPTION
Extent xlii, 192 p. ;
Dimensions 23 cm.
440 #0 - SERIES STATEMENT/ADDED ENTRY--TITLE
Title Islamization of knowledge series ;
Volume/sequential designation 1
500 ## - GENERAL NOTE
General note Originally published as the author's thesis (doctoral), University of Pennsylvania, 1987.
504 ## - BIBLIOGRAPHY, ETC. NOTE
Bibliography, etc. note Includes bibliographical references (p. 169-183) and index.
650 #0 - SUBJECT ADDED ENTRY--TOPICAL TERM
Topical term or geographic name entry element Islam and world politics.
906 ## - LOCAL DATA ELEMENT F, LDF (RLIN)
a 7
b cbc
c orignew
d 1
e ocip
f 19
g y-gencatlg
942 ## - ADDED ENTRY ELEMENTS (KOHA)
Source of classification or shelving scheme Dewey Decimal Classification
Koha item type Books
Holdings
Withdrawn status Lost status Source of classification or shelving scheme Damaged status Not for loan Home library Current library Shelving location Date acquired Cost, normal purchase price Total Checkouts Full call number Barcode Date last seen Copy number Price effective from Koha item type
    Dewey Decimal Classification     JCC Rouf Library JCC Rouf Library General Stacks 05/11/2023 250.00   297/.19787 ABU 1990 16686 05/11/2023 C-1 05/11/2023 Books

JCC Library | Contacts | JCC Home

Last Update on 23 September 2017
Copyright @ 2017-2020 JCC Rouf Library
Rouf Library, Jhenidah Cadet College (JCC), Bangladesh